00245nam a22001097a 4500008004100000020001800041041000800059080000800067100000700075101000800082245004500090181126b xxu||||| |||| 00| 0 eng d a9780226393346 aeng a941 a16 aHIS aCostarican Natural HistorycJenzen.D.H